000 00336nam a2200169Ia 4500
100 _aLuger/George F
650 _aArtificial Intelligence
250 _a5
942 _cBK
366 _f22
245 _aAritificial intelligence
260 _bPearson
_c2005
082 _bLUG
300 _a903
546 _aENGLISH
999 _c22708
_d22708